¿Puede la gestión del conocimiento influir en los resultados empresariales? (Record no. 172402)
[ view plain ]
| 000 -CABECERA | |
|---|---|
| campo de control de longitud fija | 02471nab a2200325 a 4500 |
| 005 - FECHA Y HORA DE LA ÚLTIMA TRANSACCIÓN | |
| campo de control | 20210219162231.0 |
| 008 - ELEMENTOS DE LONGITUD FIJA--INFORMACIÓN GENERAL | |
| campo de control de longitud fija | 991125s1985 mx 000 0 spa u |
| 035 ## - NÚMERO DE CONTROL DEL SISTEMA | |
| Número de control de sistema | UPN01000200301 |
| 049 ## - COLECCIÓN | |
| Colección | ART-E |
| 100 1# - ASIENTO PRINCIPAL--NOMBRE PERSONAL | |
| Nombre de persona | Tarí Guilló, Juan José |
| 100 1# - ASIENTO PRINCIPAL--NOMBRE PERSONAL | |
| Filiación | jj.tari@ua.es |
| 100 1# - ASIENTO PRINCIPAL--NOMBRE PERSONAL | |
| Nombre de persona | García Fernández, Mariano |
| 100 1# - ASIENTO PRINCIPAL--NOMBRE PERSONAL | |
| Filiación | mgarcia.fernandez@ua.es |
| 222 ## - TÍTULO CLAVE | |
| Título clave | CUADERNOS DE GESTION |
| 245 ## - MENCIÓN DE TÍTULO | |
| Título | ¿Puede la gestión del conocimiento influir en los resultados empresariales? |
| 260 ## - PUBLICACIÓN, DISTRIBUCIÓN, ETC. | |
| Lugar de publicación, distribución, etc. | España |
| 300 ## - DESCRIPCIÓN FÍSICA | |
| Extensión | 151-176 |
| 362 0# - FECHAS DE PUBLICACIÓN Y/O DESIGNACIÓN SECUENCIAL | |
| Fecha de publicación y/o designación secuencial | 2013 Vol. 13, no. 1 |
| 336 ## - TIPO DE CONTENIDO | |
| Término de tipo de contenido | texto$2rdacontent |
| 337 ## - TIPO DE MEDIO | |
| Nombre/término del tipo de medio | computadora$2rdamedia |
| 338 ## - TIPO DE SOPORTE | |
| Nombre/término del tipo de soporte | recurso en linea$2rdacarrier |
| 520 3# - NOTA DE RESUMEN, ETC. | |
| Sumario, etc. | El objetivo de este artículo es analizar la influencia de la gestión del conocimiento en los resultados empresariales. En primer lugar, se ha realizado una revisión de la literatura, que ha permitido establecer las dimensiones más comunes de la gestión del conocimiento y de los resultados, para su posterior medición. Se han tomado como dimensiones de la gestión del conocimiento: la creación; el almacenamiento y la transferencia; y la aplicación y uso del conocimiento. La adquisición de información, la diseminación de ésta y la interpretación compartida se han utilizado como medidas para la creación de conocimiento. Asimismo, se han utilizado como medidas de la aplicación y uso del conocimiento, el empowerment, el trabajo en equipo y el compromiso con el conocimiento. Como dimensiones de los resultados se han utilizado resultados operativos, financieros y de innovación. La metodología utilizada se basa en el estudio del caso, a través de datos primarios y secundarios. Los resultados obtenidos muestran que la gestión del conocimiento influye en los resultados tanto operativos, como financieros y de innovación. De este modo, las empresas analizadas que tienen un mayor grado de gestión del conocimiento, a través del trabajo en equipo, incremento del empowerment, flexibilización en la toma de decisiones y una visión global de la empresa, entre otras prácticas, obtienen mayores resultados, tanto operativos, como financieros y de innovación. |
| 653 0# - TERMINO DE INDIZACION - NO CONTROLADO | |
| Término no controlado | GESTION DEL CONOCIMIENTO |
| 653 0# - TERMINO DE INDIZACION - NO CONTROLADO | |
| Término no controlado | APRENDIZAJE ORGANIZACIONAL |
| 653 0# - TERMINO DE INDIZACION - NO CONTROLADO | |
| Término no controlado | CONOCIMIENTO ORGANIZACIONAL |
| 653 0# - TERMINO DE INDIZACION - NO CONTROLADO | |
| Término no controlado | INNOVACION |
| 856 4# - LOCALIZACIÓN Y ACCESO ELECTRÓNICOS | |
| Identificador Uniforme del Recurso | <a href="http://www.ehu.es/cuadernosdegestion/documentos/100263jt.pdf">http://www.ehu.es/cuadernosdegestion/documentos/100263jt.pdf</a> |
| 905 ## - TIPO DE MATERIAL | |
| Tipo de material | Articulo |
No items available.
